JNANESWARI- PART-1( DNYANESHWARI)- LOKAPUR (Record no. 382576)

MARC details
000 -LEADER
fixed length control field 00480nam a2200169Ia 4500
008 - FIXED-LENGTH DATA ELEMENTS--GENERAL INFORMATION
fixed length control field 100122s9999 xx 000 0 und d
082 ## - DEWEY DECIMAL CLASSIFICATION NUMBER
Item number 72151
Classification number 294.5925
100 ## - MAIN ENTRY--PERSONAL NAME
Personal name RAJAVADE V K
245 ## - TITLE STATEMENT
Title JNANESWARI- PART-1( DNYANESHWARI)- LOKAPUR
250 ## - EDITION STATEMENT
Edition statement 0
260 ## - PUBLICATION, DISTRIBUTION, ETC. (IMPRINT)
Name of publisher, distributor, etc IMPRESSIONS PUB. HOUSE
Date of publication, distribution, etc 1995
300 ## - PHYSICAL DESCRIPTION
Extent 530
630 ## - SUBJECT ADDED ENTRY--UNIFORM TITLE
Uniform title JNANESWARI- PART-1( DNYANESHWARI)- LOKAPUR
700 ## - ADDED ENTRY--PERSONAL NAME
Personal name LOKAPUR R S
730 ## - ADDED ENTRY--UNIFORM TITLE
Uniform title JNANESWARI- PART-1( DNYANESHWARI)- LOKAPUR
942 ## - ADDED ENTRY ELEMENTS (KOHA)
Koha item type Book
Holdings
Withdrawn status Lost status Damaged status Not for loan Home library Current library Shelving location Date acquired Cost, normal purchase price Total Checkouts Full call number Barcode Date last seen Cost, replacement price Price effective from Koha item type Public note
        S.V. Pathak Library, Vile Parle S.V. Pathak Library, Vile Parle   03/31/2008 400.00   72151 SVPPARLE-72151 01/25/2010 400.00 01/25/2010 Book "(वा.क.क्र.1/6), , Translated, NA"